000 00882cam a22002532 4500
001 0000002335
005 20151217151850.0
008 070410s xx 000 0 eng d
020 _a0256220492 :
_cKES 1,047
040 _aKABU
_cKABU
050 0 _aHF5548.4
_b.M523H875 1996
100 1 _aHutchinson, Sarah E.
_@0000151663
245 1 0 _aMicrosoft Excel 7.0 for Windows 95 /
_cSarah E. Hutchinson, Glen J. Coulthard.
260 _aBoston :
_bIrwin/McGraw-Hill,
_c1996.
300 _ax, 238 p.
650 0 _aMicrosoft Excel for Windows.
_@0000151667
650 0 _aElectronic spreadsheets.
_@0000147953
650 0 _aBusiness
_xComputer programs.
_@0000151665
700 1 _aCoulthard, Glen J.
_@0000151666
908 _a070410
950 _@1
999 _c5798
_d5798